[Event "HCL-A2554"]
[Site "www.playchess.de"]
[Date "2006.02.16"]
[Round "3"]
[White "Jule"]
[Black "Zembla"]
[WhiteElo "1432"]
[BlackElo "1471"]
[PlyCount "72"]
[Result "0-1"]

1.c4 {Good luck to this game}  e5 {thanks}  2.Nc3 
d6 3.d4 exd4 4.Qxd4 Nf6 5.Bg5 Be7 6.Nf3 Nc6 7.Qe3 
O-O 8.Qd2 Bf5 9.a3 Na5 10.e3 Nb3 11.Qd1 Nxa1 
12.Qxa1 Re8 13.Be2 Ne4 14.Nxe4 Bxe4 15.Bxe7 Qxe7 
16.O-O Rad8 17.Nd2 Bc6 18.Bf3 d5 19.Re1 Qg5 20.Kf1 
Rd6 21.h3 dxc4 22.Nxc4 Bxf3 23.gxf3 Rh6 24.f4 Qf5 
25.Rd1 Qxh3+ 26.Ke2 Qf5 27.Rd2 Qxf4 28.Qc1 Qg4+ 
29.Kd3 c5 30.Kc3 b5 31.Nd6 b4+ 32.Kb3 Qe6+ 33.Nc4 
Rh4 34.axb4 Rb8 35.b5 Rxb5+ 36.Ka3 
Qa6+ 0-1

[Event "HCL-A2580"]
[Site "www.playchess.de"]
[Date "2006.02.16"]
[Round "7"]
[White "Mr_Bill"]
[Black "adamcik"]
[WhiteElo "1650"]
[BlackElo "1498"]
[PlyCount "61"]
[Result "1-0"]

1.d4 e6 {hi
}  2.Nf3 {Hi! Are you fairly new here?}  d5 3.Nc3 
Nf6 4.Bg5 Be7 5.e3 O-O 6.Bd3 Nbd7 7.Ne5 Nxe5 
8.dxe5 Nd7 9.Bxe7 Qxe7 10.f4 Qh4+ 11.g3 Qh3 12.Qe2 
a6 13.O-O-O c5 14.Qf3 b5 15.Bf1 Qh6 16.h4 Bb7 
17.g4 g6 18.h5 Qg7 19.g5 Rab8 20.hxg6 fxg6 21.Rh6 
Nxe5 22.Qh3 Nf7 23.Rh4 {that knight move was a 
good one...didn't see it coming!}  Rbe8 24.Bd3 d4 
25.exd4 c4 26.Be4 Bc8 27.Rh1 e5 28.Qh2 h5 29.gxh6 
Qh7 30.Bxg6 Qh8 31.Rg1 1-0

[Event "HCL-E1575"]
[Site "www.playchess.de"]
[Date "2006.02.17"]
[Round "9"]
[White "pawnstorm"]
[Black "redstar"]
[WhiteElo "1507"]
[BlackElo "1725"]
[PlyCount "57"]
[Result "1-0"]

1.e4 c5 2.Nf3 e6 3.c3 d5 4.exd5 exd5 5.d4 Nf6 
6.Bb5+ Nc6 7.Qe2+ Be6 8.Ng5 Qd7 9.O-O a6 10.Nxe6 
fxe6 11.Bxc6 bxc6 12.Re1 Kf7 13.Nd2 cxd4 14.cxd4 
Bb4 15.a3 Ba5 16.Nf3 Qe7 17.Ne5+ Kf8 18.Nxc6 Qc7 
19.Nxa5 Qxa5 20.Qxe6 Re8 21.Qd6+ Kf7 22.Be3 Re6 
23.Qf4 Rhe8 24.b4 Qb5 25.Rec1 Kg8 26.Rc7 R8e7 
27.Rac1 Rxc7 28.Rxc7 Ne8 29.Qf7+ 1-0

[Event "HCL-A2571"]
[Site "www.playchess.de"]
[Date "2006.02.17"]
[Round "10"]
[White "Herb_CN"]
[Black "jmulin"]
[WhiteElo "1477"]
[BlackElo "1481"]
[PlyCount "42"]
[Result "0-1"]

1.e4 c5 2.Nf3 d6 3.d4 {Hi, good luck!}  cxd4 
4.Nxd4 Nf6 5.Nc3 a6 6.Bg5 e6 7.f4 Be7 8.Qf3 Qb6 
9.O-O-O Nc6 10.Nb3 Qc7 11.Be2 b5 12.Bxf6 Bxf6 
13.f5 Ne5 14.Qe3 O-O 15.g4 Bb7 16.Rd2 Qe7 17.Qf2 
Bg5 18.h4 Bxd2+ 19.Nxd2 Rac8 20.Qg3 Qc7 21.b4 
Qxc3 0-1

[Event "HCL-M867"]
[Site "www.playchess.de"]
[Date "2006.02.17"]
[Round "5"]
[White "randa"]
[Black "fjpv"]
[WhiteElo "2292"]
[BlackElo "2220"]
[PlyCount "95"]
[Result "1-0"]

1.e4 {Hi from Plzen, Czech republic. Good luck!}  
e5 {Greetings from Portugal. Good luck}  2.Nf3 d6 
3.d4 exd4 4.Nxd4 Nf6 5.Nc3 Be7 6.Bf4 O-O 7.Qd2 Nc6 
8.O-O-O Nxd4 9.Qxd4 Be6 10.f3 Nd7 11.Qe3 a5 12.g4 
a4 13.a3 Ra5 14.h4 Bxh4 15.Nb5 Bf6 16.g5 Be5 
17.Bxe5 Nxe5 18.f4 Bd7 19.Qd2 b6 20.Qh2 h6 21.gxh6 
Ng4 22.Qg3 g6 23.Nc3 Kh7 24.Be2 f5 25.exf5 gxf5 
26.Qd3 Nf6 27.Rdg1 Rg8 28.Rg5 Be8 29.Rxg8 Nxg8 
30.Nd5 Qd7 31.Rg1 Rxd5 32.Qxd5 Nxh6 33.Qg2 Qe7 
34.Bd3 Qf7 35.Qg5 Qg6 36.Rh1 Bd7 37.Qd8 Be6 
38.Qxc7+ Bf7 39.Qxb6 Kg7 40.Qd4+ Kf8 41.Re1 Ng4 
42.Qxa4 Nf2 43.Qd4 Nxd3+ 44.Qxd3 Qf6 45.a4 Be8 
46.a5 Bc6 47.a6 Kf7 48.a7 1-0

[Event "HCL-E1451"]
[Site "www.playchess.de"]
[Date "2006.02.17"]
[Round "13"]
[White "michbarc"]
[Black "PieceSeeker3"]
[WhiteElo "1745"]
[BlackElo "1485"]
[PlyCount "93"]
[Result "1-0"]

1.d4 Nf6 2.c4 d5 3.Nc3 c5 4.cxd5 Nxd5 5.e4 cxd4 
6.Nxd5 e6 7.Bb5+ Nc6 8.Bxc6+ bxc6 9.Nf4 e5 10.Nd3 
Bd6 11.Nf3 O-O 12.O-O Bg4 13.h3 Bh5 14.g4 Bg6 
15.Re1 Re8 16.Qc2 Qb6 17.Bd2 c5 18.b3 Rac8 19.Nb2 
Qc6 20.Nh4 Re6 21.Nf5 Bf8 22.Nc4 h5 23.g5 Bh7 
24.Qd3 g6 25.Nh4 Be7 26.Ng2 f5 27.exf5 e4 28.Qg3 
gxf5 29.Nf4 Bd6 30.Nxd6 Rxd6 31.Nxh5 Kf7 32.Nf4 
Re8 33.h4 Rg8 34.Kh2 Qc8 35.Rec1 Rh6 36.Rc4 Qd8 
37.Nh3 Qe7 38.Rac1 e3 39.fxe3 dxe3 40.Bxe3 Rd6 
41.R4xc5 Rgd8 42.R5c7 R8d7 43.Rxd7 Rxd7 44.h5 Kg7 
45.g6 Bxg6 46.Qxg6+ Kf8 47.Bh6+ 1-0

[Event "ACL-T164"]
[Site "www.playchess.de"]
[Date "2006.02.17"]
[Round "7"]
[White "Lullo"]
[Black "lontjr"]
[WhiteElo "2177"]
[BlackElo "1761"]
[PlyCount "33"]
[Result "1-0"]

1.e4 Nc6 2.d4 d5 3.e5 e6 4.Nf3 Qd7 5.Bd3 Nge7 
6.O-O Nf5 7.c3 Qd8 8.Nbd2 Be7 9.Re1 O-O 10.Nf1 a5 
11.Ne3 Re8 12.Qc2 Qd7 13.g4 Nxe3 14.Bxh7+ Kh8 
15.Rxe3 Rf8 16.Ne1 f6 17.Rh3 1-0

[Event "HCL-A2540"]
[Site "www.playchess.de"]
[Date "2006.02.17"]
[Round "15"]
[White "flavio"]
[Black "padre"]
[WhiteElo "1415"]
[BlackElo "1373"]
[PlyCount "35"]
[Result "1-0"]

1.c4 {hi, enjoy the match}  c5 {Thank you. And to 
you.}  2.Nc3 Nc6 3.Nf3 Nf6 4.e3 d5 5.cxd5 Nxd5 
6.Be2 g6 7.O-O Bg7 8.Rb1 O-O 9.Nxd5 Qxd5 10.a3 c4 
11.b4 Bf5 12.Bb2 Bxb1 13.Bxg7 Kxg7 14.Qxb1 b5 
15.Rc1 f6 16.d3 cxd3 17.Qxd3 Ne5 
18.Qxd5 1-0

[Event "HCL-B3728"]
[Site "www.playchess.de"]
[Date "2006.02.17"]
[Round "2"]
[White "RUDI"]
[Black "Mortalpawn"]
[WhiteElo "1350"]
[BlackElo "1262"]
[PlyCount "77"]
[Result "1-0"]

1.e4 e5 2.Bc4 Nf6 3.d3 Be7 4.Nf3 d6 5.Qd2 c6 6.O-O 
O-O 7.b3 Nbd7 8.Nc3 b5 9.Ne2 bxc4 10.bxc4 d5 
11.cxd5 cxd5 12.Ng3 dxe4 13.dxe4 Ba6 14.Rd1 Rb8 
15.Nf5 Bb5 16.Re1 Bc6 17.Qg5 g6 18.h4 Nd5 19.Nxe7+ 
Nxe7 20.Be3 Bxe4 21.Nxe5 Nxe5 22.Qxe5 Bxc2 23.Rac1 
Bf5 24.Bh6 f6 25.Qxe7 Qxe7 26.Rxe7 Rf7 27.Rxf7 
Kxf7 28.Rc7+ Ke8 29.Rxa7 Bd7 30.a4 Rb4 31.a5 Kd8 
32.Be3 Rxh4 33.Rb7 Bc8 34.Bb6+ Ke8 35.Rc7 Bd7 
36.a6 Ra4 37.a7 Ra6 38.Rb7 Bc8 
39.Rb8 1-0

[Event "HCL-C4130"]
[Site "www.playchess.de"]
[Date "2006.02.17"]
[Round "15"]
[White "newplayer"]
[Black "sweendog"]
[WhiteElo "1088"]
[BlackElo "721"]
[PlyCount "37"]
[Result "1-0"]

1.e4 e5 2.h4 Nf6 3.d3 Nc6 4.Bg5 Be7 5.Bxf6 Bxf6 
6.g3 O-O 7.h5 Nb4 8.a3 Nxc2+ 9.Qxc2 c6 10.h6 gxh6 
11.Rxh6 Bg5 12.Rh1 b5 13.a4 a5 14.axb5 cxb5 15.Qc5 
b4 16.f4 exf4 17.gxf4 Bxf4 18.Qf5 Qc7 
19.Qxh7+ 1-0

[Event "HCL-B3847"]
[Site "www.playchess.de"]
[Date "2006.02.17"]
[Round "18"]
[White "IRONMAIDEN"]
[Black "ChessMonster"]
[WhiteElo "1253"]
[BlackElo "1500"]
[PlyCount "67"]
[Result "1-0"]

1.d4 {Hello!}  d5 {Hi to you as well.}  2.Bf4 Nc6 
3.Nf3 Bf5 4.Qd2 e6 5.e3 Nf6 6.Nc3 Bb4 7.Qc1 Ne4 
8.Nd2 e5 9.dxe5 d4 10.Ncxe4 Qd5 11.Bd3 O-O-O 
12.O-O Nxe5 13.Bxe5 Qxe5 14.Nf3 Qd5 15.Ned2 Bg4 
16.e4 Qh5 17.Be2 Bd6 18.g3 Qh3 19.Nc4 h6 20.e5 
Rhe8 21.Qd2 Bxf3 22.Bxf3 Bxe5 23.Qd1 f6 24.Bg4+ 
Qxg4 25.Qxg4+ Rd7 26.Rfe1 h5 27.Qxh5 Rde7 28.Nxe5 
fxe5 29.Re4 R7e6 30.Rae1 Kd8 31.R4xe5 g6 32.Qg5+ 
Kd7 33.R5xe6 Rxe6 34.Qg4 1-0

[Event "HCL-E1522"]
[Site "www.playchess.de"]
[Date "2006.02.17"]
[Round "16"]
[White "Tarrega"]
[Black "vhpower"]
[WhiteElo "1565"]
[BlackElo "1607"]
[PlyCount "81"]
[Result "1-0"]

1.e4 e5 2.d4 d6 3.dxe5 dxe5 4.Qxd8+ Kxd8 5.Bc4 f6 
6.f4 Bd6 7.fxe5 Bxe5 8.Nf3 Bd6 9.Nc3 Ne7 10.Be3 
Nbc6 11.O-O-O Bd7 12.Nd4 b6 13.Ne6+ Bxe6 14.Bxe6 
Ne5 15.Nb5 N7g6 16.Nxd6 cxd6 17.Rxd6+ Ke7 18.Rhd1 
Rhd8 19.R6xd8 Rxd8 20.Rxd8 Kxd8 21.g3 Ne7 22.b3 
Nf3 23.h4 Nc6 24.c3 Nce5 25.Kd1 Ke7 26.Bd5 Ng6 
27.a4 Kd6 28.Ke2 Nfe5 29.Bf4 Ne7 30.c4 h6 31.b4 g5 
32.hxg5 hxg5 33.Be3 N7c6 34.c5+ Kc7 35.Bxc6 Kxc6 
36.b5+ Kc7 37.c6 Kd6 38.Bd4 Ng4 39.Kf3 Nh2+ 40.Kg2 
Ng4 41.Kh3 1-0

[Event "ACL-A655"]
[Site "www.playchess.de"]
[Date "2006.02.17"]
[Round "12"]
[White "Eishockeytorwart"]
[Black "miki75"]
[WhiteElo "1500"]
[BlackElo "1500"]
[PlyCount "77"]
[Result "1-0"]

1.e4 {welcome from germany}  b6 2.Bb5 Bb7 3.d3 e6 
4.Nf3 Qf6 5.O-O Nh6 6.Nc3 Bd6 7.d4 a6 8.Bd3 Nc6 
9.e5 Nxe5 10.dxe5 Bxe5 11.Bg5 Bxc3 12.Bxf6 Bxf6 
13.c3 O-O 14.Qe2 Rae8 15.Bxa6 Ba8 16.Bb5 c6 17.Ba4 
b5 18.Bc2 d5 19.Ne5 g6 20.Nd7 c5 21.Nxf6+ Kh8 
22.Nxe8 Rxe8 23.Qe5+ Kg8 24.Qe3 Rc8 25.Qxh6 Rc6 
26.a4 bxa4 27.Rxa4 Bb7 28.Rh4 e5 29.Qxh7+ Kf8 
30.f4 e4 31.f5 g5 32.Qh8+ Ke7 33.Qe5+ Kd8 34.Rh8+ 
Kd7 35.Qe8+ Kd6 36.Qxf7 c4 37.Qf8+ Ke5 38.Qe7+ Re6 
39.Qxe6+ 1-0

[Event "HCL-E1544"]
[Site "www.playchess.de"]
[Date "2006.02.17"]
[Round "8"]
[White "mrchess"]
[Black "Eishockeytorwart"]
[WhiteElo "1418"]
[BlackElo "1949"]
[PlyCount "66"]
[Result "1/2-1/2"]

1.d4 {good game}  d5 2.e3 Bf5 3.c4 e6 4.Nc3 Nf6 
5.Nf3 Be7 6.Bd3 Bxd3 7.Qxd3 O-O 8.O-O c5 9.Bd2 
cxd4 10.Nxd4 dxc4 11.Qxc4 Nbd7 12.Rac1 a6 13.Nce2 
Rc8 14.Qxc8 Qxc8 15.Rxc8 Rxc8 16.Rc1 {(offering 
draw)}  Rxc1+ 17.Bxc1 {you think you have a better 
position?}  Nc5 {i think i have a chance to win 
the game}  18.f3 Nd3 19.Nc2 g5 20.b3 Nxc1 21.Nxc1 
Kg7 22.Kf2 Bd6 23.e4 Kg6 24.Nd3 {(offering draw)}  
Bxh2 {i think i can win the game}  25.Nc5 b6 
26.Nxa6 g4 27.Nab4 gxf3 28.Kxf3 Nd7 29.Nc6 Ne5+ 
30.Nxe5+ Bxe5 31.Ne3 Bd4 32.a4 Kf6 33.Nc2 Bc5 
{(offering draw)}  1/2-1/2

[Event "HCL-C4123"]
[Site "www.playchess.de"]
[Date "2006.02.17"]
[Round "3"]
[White "Littlearza"]
[Black "tbouma"]
[WhiteElo "1585"]
[BlackElo "1165"]
[PlyCount "41"]
[Result "1-0"]

1.e4 d5 2.exd5 Qxd5 3.Nc3 Qe5+ 4.Be2 c6 5.Nf3 Qc7 
6.d4 e6 7.g3 Bb4 8.Bf4 Qe7 9.a3 Ba5 10.b4 Bc7 
11.b5 c5 12.d5 Bxf4 13.gxf4 Nf6 14.O-O Nxd5 
15.Nxd5 exd5 16.Re1 O-O 17.Qxd5 Rd8 18.Qh5 Be6 
19.Ng5 Nd7 20.Qxh7+ Kf8 21.Qh8+ 1-0

[Event "HCL-C4072"]
[Site "www.playchess.de"]
[Date "2006.02.17"]
[Round "10"]
[White "cla114"]
[Black "JerryReneau"]
[WhiteElo "835"]
[BlackElo "1079"]
[PlyCount "66"]
[Result "0-1"]

1.e4 e5 2.Nf3 d6 3.Nc3 Nf6 4.Bc4 h6 5.O-O Be7 6.d4 
exd4 7.Qxd4 c5 8.Qe3 O-O 9.Nh4 Ng4 10.Qf4 Ne5 
11.b3 Nxc4 12.Bd2 Bxh4 13.Nd5 Bg5 14.Qg3 Nxd2 
15.Rfd1 Nxe4 16.Qf3 f5 17.Qh5 Nf6 18.Rde1 Nxh5 
19.Rad1 b5 20.c4 Bb7 21.Ne7+ Bxe7 22.cxb5 a6 
23.bxa6 Rxa6 24.Rd2 Bg5 25.Rde2 d5 26.a4 d4 
27.R2e5 Nd7 28.R5e2 Nf4 29.R2e5 Nd3 30.R5e6 Nxe1 
31.Rxe1 Bd2 32.Re2 Qg5 33.g3 f4 0-1

[Event "HCL-E1569"]
[Site "www.playchess.de"]
[Date "2006.02.17"]
[Round "26"]
[White "Wernswig"]
[Black "hal1958"]
[WhiteElo "1372"]
[BlackElo "1431"]
[PlyCount "81"]
[Result "1-0"]

1.e4 {hi, good luck to you}  e5 {have a nice game} 
 2.Nf3 d6 3.Bc4 Be6 4.Bb3 Nf6 5.Nc3 Be7 6.d3 O-O 
7.O-O h6 8.Bd2 c6 9.Ne1 b5 10.f4 Nbd7 11.f5 Bxb3 
12.axb3 a5 13.Ne2 Qb6+ 14.Kh1 Ng4 15.Ng3 Bh4 
16.Qxg4 Bxg3 {I saw my error just after I hit 
"move" :-(}  17.Qxg3 {this mistake i make it 
often}  Kh7 18.Qh4 Qd8 19.Qxd8 Rfxd8 20.Rxa5 Rxa5 
21.Bxa5 Ra8 22.Bc3 f6 23.Nf3 c5 24.b4 g6 25.Nh4 g5 
26.Ng6 Kg7 27.Ne7 Kf7 28.Nd5 Ra7 29.Kg1 h5 30.g4 
hxg4 31.Rf2 Ra1+ 32.Kg2 Ra2 33.Kg3 cxb4 34.Nxb4 
Ra8 35.Kxg4 Rh8 36.h3 Nc5 37.Rf1 Rh4+ 38.Kg3 Ke7 
39.Ra1 Na4 40.Nd5+ Kf7 41.b3 1-0

[Event "HCL-E1542"]
[Site "www.playchess.de"]
[Date "2006.02.17"]
[Round "1"]
[White "alldrix"]
[Black "Mosaik"]
[WhiteElo "1598"]
[BlackElo "1816"]
[PlyCount "101"]
[Result "1-0"]

1.e4 e6 2.d4 d5 3.Nc3 Bb4 4.e5 c5 5.a3 Bxc3+ 
6.bxc3 c4 7.Ne2 Ne7 8.f4 O-O 9.Ng3 Nbc6 10.Be2 b5 
11.O-O f5 12.Qe1 g6 13.h4 Kg7 14.h5 Rh8 15.Kf2 a5 
16.Rh1 Kf7 17.Qg1 Bd7 18.Qh2 b4 19.Qh4 Qg8 20.axb4 
axb4 21.Rxa8 Qxa8 22.Qf6+ Kg8 23.cxb4 Qf8 24.Qxf8+ 
Kxf8 25.c3 Na7 26.Bb2 Kf7 27.Ra1 Ra8 28.Bd1 Bc6 
29.Ba4 Rc8 30.Bxc6 Nexc6 31.Ra6 Rc7 32.Rb6 Nc8 
33.Ra6 Nb8 34.Ra8 Rb7 35.hxg6+ hxg6 36.Ne2 Kg7 
37.Ng1 Ne7 38.Nf3 Ng8 {(offering draw)}  39.Ng5 
Rb6 40.Ra7+ Kf8 41.b5 Ke8 42.Ba3 Rxb5 43.Nxe6 Rb3 
44.Nc7+ Kd7 45.Nxd5+ Kc6 46.Nf6 Nh6 47.e6 Ng4+ 
48.Nxg4 fxg4 49.e7 Rxc3 50.e8Q+ Kd5 
51.Qe5+ 1-0

[Event "HCL-E1584"]
[Site "www.playchess.de"]
[Date "2006.02.17"]
[Round "6"]
[White "TheGreatGatsby"]
[Black "Aspirin"]
[WhiteElo "2000"]
[BlackElo "2001"]
[PlyCount "64"]
[Result "1/2-1/2"]

1.e4 e6 2.d4 d5 3.Nd2 Nf6 4.e5 Nfd7 5.Bd3 c5 6.c3 
Nc6 7.Ne2 f6 8.exf6 Nxf6 9.Nf3 Bd6 10.O-O O-O 
11.Bf4 Qc7 12.Bxd6 Qxd6 13.Ng3 e5 14.dxe5 Nxe5 
15.Nxe5 Qxe5 16.Qc2 Bd7 17.Rae1 Qd6 18.Re2 Rae8 
19.Rfe1 Rxe2 20.Rxe2 Rf7 21.c4 d4 22.h3 Re7 23.Nf5 
Bxf5 24.Bxf5 g6 25.Bd3 Kf7 26.a3 Rxe2 27.Qxe2 Qe6 
28.Kf1 Qxe2+ 29.Kxe2 Nd7 30.f4 {(offering draw)}  
h6 31.Kf3 g5 32.g3 Ke6 {(offering draw)} 
 1/2-1/2

[Event "HCL-C4013"]
[Site "www.playchess.de"]
[Date "2006.02.17"]
[Round "2"]
[White "Grunert"]
[Black "notty"]
[WhiteElo "929"]
[BlackElo "800"]
[PlyCount "53"]
[Result "1-0"]

1.e4 a5 2.d3 g6 3.Nf3 e6 4.g3 Bc5 5.Bg2 Bxf2+ 
6.Kxf2 d6 7.Re1 Nc6 8.c3 h5 9.Bg5 f6 10.Be3 b5 
11.Nbd2 Ba6 12.Nb3 b4 13.cxb4 axb4 14.Qc2 Qd7 
15.Nh4 g5 16.Nf3 d5 17.exd5 Qxd5 18.Red1 g4 19.Nh4 
Bxd3 20.Qd2 Qf5+ 21.Nxf5 exf5 22.Qxd3 Ne5 23.Qd2 
Rd8 24.Qxd8+ Kf7 25.Bd5+ Kg6 26.Bxg8 Rxg8 
27.Qxg8+ 1-0

[Event "HCL-C3932"]
[Site "www.playchess.de"]
[Date "2006.02.17"]
[Round "17"]
[White "Grunert"]
[Black "spartan1"]
[WhiteElo "1062"]
[BlackElo "860"]
[PlyCount "98"]
[Result "0-1"]

1.e4 e5 2.d3 Nf6 3.Nf3 Nc6 4.g3 d5 5.exd5 Nxd5 
6.Bg2 f6 7.O-O Bc5 8.Bd2 Bg4 9.h3 Bxf3 10.Bxf3 
Nde7 11.Bg2 Qd6 12.Nc3 a6 13.a3 f5 14.b4 Bd4 
15.Qh5+ g6 16.Qe2 O-O-O 17.Rac1 h5 18.Bg5 Bxc3 
19.Bxc6 bxc6 20.Rfd1 Rde8 21.h4 Bb2 22.Rcb1 Qd4 
23.Rde1 Bxa3 24.Qxe5 Qxe5 25.Rxe5 Nd5 26.Ra1 Rxe5 
27.Rxa3 Re2 28.Rxa6 Nxb4 29.Ra4 Rh7 30.Rxb4 Rxc2 
31.Rd4 Rd7 32.Ra4 Rxd3 33.Ra8+ Kb7 34.Rg8 Rd6 
35.Kg2 c5 36.Kf3 c4 37.Rg7 Rb2 38.Bf4 Rb3+ 39.Kg2 
Rc6 40.Bxc7 c3 41.Ba5+ Ka6 42.Bd8 c2 43.Bg5 Rb1 
44.Rg8 c1Q 45.Bxc1 Rbxc1 46.Kf3 R1c2 47.Kf4 Rxf2+ 
48.Kg5 Rg2 49.Rxg6 Rxg3+ 0-1

[Event "HCL-C4143"]
[Site "www.playchess.de"]
[Date "2006.02.17"]
[Round "8"]
[White "Grunert"]
[Black "nichju"]
[WhiteElo "1012"]
[BlackElo "1080"]
[PlyCount "42"]
[Result "0-1"]

1.d4 e6 2.e3 Nf6 3.Nc3 Bb4 4.Bd2 d5 5.a3 Bd6 6.Nf3 
Nc6 7.g3 Ng4 8.Be2 O-O 9.O-O f6 10.Nb5 a6 11.Nxd6 
Qxd6 12.Bb4 Nxb4 13.axb4 Qxb4 14.b3 e5 15.dxe5 
fxe5 16.Qxd5+ Kh8 17.Nxe5 Nxe5 18.Ra4 Qd6 19.Qe4 
Bh3 20.Rd4 Qc6 21.Qxe5 Qg2+ 0-1

[Event "HCL-E1569"]
[Site "www.playchess.de"]
[Date "2006.02.17"]
[Round "36"]
[White "hal1958"]
[Black "carlosmadeira"]
[WhiteElo "1431"]
[BlackElo "1556"]
[PlyCount "90"]
[Result "0-1"]

1.b4 {have a nice game}  e5 {THANKS FOR YOU TOO}  
2.Bb2 d6 3.e3 Nf6 4.Nf3 Bg4 5.Be2 Nc6 6.a3 a6 7.c4 
Be7 8.O-O O-O 9.d4 e4 10.Nfd2 Bxe2 11.Qxe2 d5 
12.cxd5 Qxd5 13.Qc4 Qxc4 14.Nxc4 Nd5 15.Nc3 Nxc3 
16.Bxc3 f5 17.Nd2 Bd6 18.f3 Rae8 19.fxe4 fxe4 
20.Rxf8+ Bxf8 21.Rf1 Na7 22.Rf4 Nb5 23.Bb2 Nd6 
24.a4 g6 25.Kf2 Bh6 26.Rg4 b5 27.axb5 axb5 28.Ke2 
Kf7 29.Nb3 Nf5 30.Bc1 Nd6 31.Nc5 Kf6 32.Bd2 g5 
33.Be1 Kf5 34.h3 Bf8 35.Nd7 h5 36.Rg3 Nc4 37.Nc5 
Bd6 38.Na6 Bxg3 39.Bxg3 c6 40.Nc5 Ra8 41.Bf2 Ra2+ 
42.Kf1 Nb2 43.g3 Nd3 44.Nxd3 exd3 45.Ke1 
Ke4 0-1

[Event "HCL-C4174"]
[Site "www.playchess.de"]
[Date "2006.02.17"]
[Round "9"]
[White "IRONMAIDEN"]
[Black "nichju"]
[WhiteElo "1252"]
[BlackElo "1049"]
[PlyCount "77"]
[Result "1-0"]

1.c4 {hallo!}  e5 2.Nc3 Bc5 {Hallo und gutes 
Spiel!}  3.e4 {hallo, viel Spaß mit meinem Spiel}  
Nf6 4.Nf3 O-O 5.Be2 c6 6.O-O d6 7.d3 Be6 8.a3 b5 
9.Ng5 h6 10.Nxe6 fxe6 11.Bg4 Nbd7 12.Bxe6+ Kh8 
13.Bxd7 Qxd7 14.Ne2 bxc4 15.Kh1 Ng4 16.f3 Ne3 
17.Bxe3 Bxe3 18.dxc4 Rf4 19.Ng3 Rh4 20.Nf5 Rh5 
21.Nxe3 Qe7 22.Nf5 Qg5 23.Qxd6 Rd8 24.Qxe5 Rd7 
25.Qe8+ Kh7 26.Qxd7 Rxh2+ 27.Kxh2 Qh5+ 28.Kg1 Qg5 
29.Rad1 c5 30.Rd6 a5 31.Rxh6+ Qxh6 32.Nxh6 Kxh6 
33.g4 a4 34.Rf2 g6 35.Rh2+ Kg5 36.Qe7+ Kf4 37.Qf6+ 
{ich steh mir mal wieder selber im Weg, aber mehr 
wie 5 Züge sollten es nicht mehr sein}  Kg3 
38.Rg2+ Kh3 39.Qh8+ 1-0

[Event "HCL-A2598"]
[Site "www.playchess.de"]
[Date "2006.02.17"]
[Round "17"]
[White "baggur"]
[Black "mrchess"]
[WhiteElo "1600"]
[BlackElo "1470"]
[PlyCount "45"]
[Result "1/2-1/2"]

1.e4 {hello again}  c5 {hi good luck}  2.Nf3 Nc6 
3.d4 cxd4 4.Nxd4 d6 5.Nc3 Nf6 6.Bg5 e5 7.Nb3 Be7 
8.Be2 O-O 9.O-O Be6 10.f3 h6 11.Be3 b6 12.Qd2 d5 
13.exd5 Nxd5 14.Nxd5 Qxd5 15.Qxd5 Bxd5 16.Rad1 
Rfd8 17.c3 Bxb3 18.axb3 Na5 19.b4 Nc6 20.f4 Bf6 
21.Bf3 Rac8 22.fxe5 Nxe5 23.Be2 {(offering draw)} 
 1/2-1/2

[Event "HCL-A2602"]
[Site "www.playchess.de"]
[Date "2006.02.17"]
[Round "2"]
[White "kilani"]
[Black "dynamike"]
[WhiteElo "1299"]
[BlackElo "1475"]
[PlyCount "47"]
[Result "1-0"]

1.e4 c5 2.Nf3 e6 3.d4 cxd4 4.Nxd4 a6 5.Bd3 Qb6 
6.c3 Bc5 7.Bc2 Nc6 8.Nd2 Nxd4 9.cxd4 Bxd4 10.O-O 
Nf6 11.Nc4 Qc5 12.Qd3 b5 13.Na5 Ng4 14.Nb3 Bxf2+ 
15.Kh1 Qe5 16.Qh3 h5 17.Bd1 f5 18.exf5 exf5 19.Bf3 
Rb8 20.Bd2 Kf7 21.Bxg4 hxg4 22.Qxh8 Ba7 23.Rae1 
Qd6 24.Rxf5+ 1-0

[Event "HCL-E1570"]
[Site "www.playchess.de"]
[Date "2006.02.17"]
[Round "1"]
[White "alldrix"]
[Black "Fantaw"]
[WhiteElo "1624"]
[BlackElo "1665"]
[PlyCount "56"]
[Result "0-1"]

1.e4 {hi! good luck!}  c5 {hi! Have a good game!}  
2.b4 e5 3.Nf3 Qc7 4.Bb2 {do you live in Dacar?}  
Nc6 {Yes! I live in Dakar}  5.Be2 {are you 
watching africa cup? my fav is Angola and second 
is Senegal :D}  cxb4 {yes! But we are very lucky 
to have to play the quater-finals!}  6.d4 {:)}  d6 
7.Bb5 Bd7 8.d5 Nce7 9.Bxd7+ Qxd7 10.Nfd2 f5 11.f3 
Nf6 12.O-O f4 13.a3 bxa3 14.Bxa3 g5 15.Nc4 Ng6 
16.h3 h5 17.Nbd2 g4 18.Kh2 Qc7 19.Qe2 a6 20.Nb3 
Be7 {Egyptians'd taken the cup!}  21.Nba5 {what 
pity, i prefer costa do marfim :(}  Kf7 22.Nb3 
Rhc8 23.Nca5 gxh3 24.Kxh3 Ng4 25.fxg4 hxg4+ 
26.Kxg4 Nh4 27.Kh3 Rch8 28.Kh2 
Nf3+ 0-1

[Event "HCL-A2588"]
[Site "www.playchess.de"]
[Date "2006.02.17"]
[Round "4"]
[White "dynamike"]
[Black "mrchess"]
[WhiteElo "1442"]
[BlackElo "1470"]
[PlyCount "70"]
[Result "0-1"]

1.e4 c5 2.Nf3 Nc6 3.d4 cxd4 4.Nxd4 Qb6 5.c3 d6 
6.Bc4 g6 7.Bb3 Bg7 8.Be3 Qc7 9.Nd2 Nf6 10.O-O O-O 
11.f4 Bg4 12.N4f3 Rfe8 13.h3 Bxf3 14.Qxf3 e5 
15.Nc4 Rad8 16.fxe5 Nxe5 17.Nxe5 dxe5 18.Bg5 Rd6 
19.Rad1 Rxd1 20.Rxd1 Rd8 21.Bxf6 Rxd1+ 22.Bxd1 
Qb6+ 23.Kh1 Qxf6 24.Qd3 Qf2 25.Be2 Bf8 26.b4 Bh6 
27.a4 Qe1+ 28.Bf1 Bd2 29.Kg1 Bxc3 30.b5 Bd4+ 
31.Kh2 Qf2 32.Be2 Qg1+ 33.Kg3 Bf2+ 34.Kf3 Bd4 
35.Bf1 Qf2+ 0-1

[Event "HCL-A2594"]
[Site "www.playchess.de"]
[Date "2006.02.17"]
[Round "2"]
[White "val2005"]
[Black "Maillard"]
[WhiteElo "1661"]
[BlackElo "1534"]
[PlyCount "20"]
[Result "0-1"]

1.d4 {Hello, good luck}  d5 {Bonne partie!}  2.Nf3 
Nf6 3.e3 e6 4.b3 a6 5.Bb2 Nc6 6.Nbd2 Bd6 7.a3 b5 
8.c4 bxc4 9.bxc4 dxc4 10.Bxc4 Rb8 0-1

[Event "HCL-B3871"]
[Site "www.playchess.de"]
[Date "2006.02.17"]
[Round "2"]
[White "riziotis"]
[Black "jeanmiche"]
[WhiteElo "1300"]
[BlackElo "1200"]
[PlyCount "63"]
[Result "1-0"]

1.e4 {good luck and hello}  c5 2.Bc4 Nc6 3.Nf3 d6 
4.O-O e6 5.Bb5 a6 6.Bxc6+ bxc6 7.d4 cxd4 8.Nxd4 
Qc7 9.Nc3 Nf6 10.Bg5 Be7 11.Bxf6 Bxf6 12.f4 Qb6 
13.Nce2 e5 14.fxe5 dxe5 15.Kh1 exd4 16.Nf4 Qd8 
17.e5 Bg5 18.Qf3 O-O 19.Qxc6 Ra7 20.Rad1 Bxf4 
21.Rxf4 Rc7 22.Qe4 Bb7 23.Qe2 Rd7 24.e6 Qe7 
25.Rdf1 Qe8 26.exf7+ Rdxf7 27.Qxe8 R7xf4 28.Qe6+ 
R4f7 29.Rxf7 Rxf7 30.Kg1 h6 31.Qe8+ Rf8 
32.Qd7 1-0

[Event "HCL-B3864"]
[Site "www.playchess.de"]
[Date "2006.02.17"]
[Round "1"]
[White "Buddy"]
[Black "eisbaer17"]
[WhiteElo "940"]
[BlackElo "1235"]
[PlyCount "92"]
[Result "0-1"]

1.d4 d5 2.c4 c6 3.e3 Bf5 4.Bd3 dxc4 5.Bxf5 Qa5+ 
6.Bd2 Qxf5 7.Nc3 Nf6 8.h3 Ne4 9.Qe2 e6 10.g4 Qg6 
11.a3 Bd6 12.Nf3 Nxc3 13.bxc3 Qe4 14.Rg1 Nd7 
15.Ng5 Qg6 16.e4 f6 17.Nxe6 Rc8 18.d5 Nc5 19.Nxc5 
Bxc5 20.Be3 cxd5 21.Bxc5 Rxc5 22.exd5+ Kd8 23.Rd1 
Re8 24.Qxe8+ Qxe8+ 25.Kf1 Qa4 26.Ra1 Rxd5 27.Kg2 
Qc6 28.Kg3 Rd3+ 29.Kh2 Qf3 {us sucks!}  30.Rg3 
Qxf2+ 31.Rg2 Qf4+ 32.Kg1 Qe3+ 33.Kf1 Qf3+ 34.Kg1 
Rd1+ 35.Rxd1+ Qxd1+ 36.Kh2 Qd6+ 37.Kg1 Qxa3 
38.Rd2+ Kc7 39.Re2 Qc5+ 40.Kh2 a5 41.Re8 a4 42.Rh8 
a3 43.Rxh7 a2 44.Rxg7+ Kc6 45.Rg6 Qf2+ 46.Kh1 
a1R+ 0-1

[Event "HCL-B3880"]
[Site "www.playchess.de"]
[Date "2006.02.17"]
[Round "4"]
[White "payaso"]
[Black "Ultimate"]
[WhiteElo "1200"]
[BlackElo "1375"]
[PlyCount "32"]
[Result "0-1"]

1.c4 e5 2.Nc3 Nc6 3.g3 g6 4.Bg2 f5 5.Bxc6 dxc6 
6.e4 fxe4 7.Nxe4 Bf5 8.Qf3 Nf6 9.Nxf6+ Qxf6 10.Ne2 
O-O-O 11.O-O Rd3 12.Qg2 h5 13.Rd1 Bg4 14.f4 Bc5+ 
15.Kf1 exf4 16.gxf4 Re8 0-1

[Event "HCL-E1550"]
[Site "www.playchess.de"]
[Date "2006.02.17"]
[Round "2"]
[White "asskicker"]
[Black "Pijean"]
[WhiteElo "1633"]
[BlackElo "1714"]
[PlyCount "42"]
[Result "0-1"]

1.c4 {greetings from washington, dc}  c5 {hi and 
good luck!}  2.g3 e6 3.Bg2 d5 4.Nf3 Nf6 5.cxd5 
exd5 6.d4 Nc6 7.b3 Be7 8.O-O O-O 9.Nc3 Ne4 10.Bb2 
Bf6 11.Rc1 cxd4 12.Nb5 d3 13.Ba3 dxe2 14.Qxe2 Re8 
15.Nd6 Nxd6 16.Qd3 {nice play; I feel rather 
foolish.}  Be6 {:)}  17.Rfd1 Nf5 18.Bc5 b6 19.Be3 
Rc8 20.Bf4 Bb2 21.Rcb1 Nb4 0-1

[Event "HCL-B3772"]
[Site "www.playchess.de"]
[Date "2006.02.17"]
[Round "1"]
[White "chessH"]
[Black "Oksana_k"]
[WhiteElo "1281"]
[BlackElo "1200"]
[PlyCount "84"]
[Result "0-1"]

1.e4 e5 2.Nf3 Nc6 3.Bb5 a6 4.Ba4 Nf6 5.d3 b5 6.Bb3 
Bc5 7.Be3 Bxe3 8.fxe3 O-O 9.Nc3 d6 10.d4 Bg4 
11.O-O b4 12.Nd5 Nxe4 13.dxe5 dxe5 14.Qd3 Nc5 
15.Qc4 Nxb3 16.axb3 Bxf3 17.Rxf3 Qd6 18.e4 a5 
19.c3 Kh8 20.Rd1 Rab8 21.Ne3 Qg6 22.Rg3 Qf6 23.Rf1 
Qe6 24.Nd5 Qd6 25.Rc1 f6 26.cxb4 Nxb4 27.Qxc7 Qxc7 
28.Nxc7 Rfc8 29.Rcc3 Rcd8 30.Nd5 Nxd5 31.exd5 Rxd5 
32.Rc2 Kg8 33.Rc7 g6 34.Rf3 Rb6 35.Rfc3 h5 36.h4 
Rd4 37.R7c8+ Kf7 38.R3c7+ Ke6 39.Rg7 Kf5 40.Rcg8 
Rg4 41.Ra8 Rxb3 42.Rxa5 Rxb2 0-1